| 000 | 00624nam a2200193Ia 4500 | ||
|---|---|---|---|
| 003 | GCL | ||
| 008 | 140319s9999 xx 000 0 ara d | ||
| 020 | _a9543710977 | ||
| 040 |
_aGCL / _cGCL |
||
| 082 | 0 | 4 |
_a372.216 _bك ل |
| 100 | 1 | _aكاميليا عبدالفتاح | |
| 245 | 1 | 0 |
_aلعب الاطفال من الخامات البيئية / _cكاميليا عبدالفتاح |
| 250 | _aالثانية | ||
| 260 |
_aالقاهرة : _bدار الفكر العربى ، _c2002 |
||
| 300 |
_a79 ص ؛ _c28 سم |
||
| 650 | 0 | 4 | _aلعب الاطفال |
| 650 | 0 | 4 | _aلعب الاطفال - تصميم |
| 942 |
_2ddc _cBK |
||
| 999 |
_c9651 _d9651 |
||